Central Library OPAC University of Rajshahi

Environmental Governance of Urban-Local Government in Bangladesh : (Record no. 80021)

MARC details
000 -LEADER
fixed length control field 00960nam a2200241 a 4500
001 - CONTROL NUMBER
RUCL Control Number 80021
003 - CONTROL NUMBER IDENTIFIER
rucl marc code BD-RjUL
005 - DATE AND TIME OF LATEST TRANSACTION
control field 20231120094652.0
008 - FIXED-LENGTH DATA ELEMENTS--GENERAL INFORMATION
fixed length control field 220622s2015 bg a|||| m||| 00| 0 eng d
035 ## - SYSTEM CONTROL NUMBER
system control number (BD-RjUL)80021
040 ## - CATALOGING SOURCE
Original cataloging agency BD-RjUL
Language of cataloging eng
Transcribing agency BD-RjUL
Modifying agency BD-RjUL
041 ## - LANGUAGE CODE
Language code of Book eng
082 ## - DEWEY DECIMAL CLASSIFICATION NUMBER
Classification number 363.75492
Author mark and Year HAE 2015
DDC Edition number 23
100 ## - MAIN ENTRY--PERSONAL NAME
Personal name Haque, A. K. M. Mahmudul
9 (RLIN) 3822
245 01 - TITLE STATEMENT
Title Environmental Governance of Urban-Local Government in Bangladesh :
Remainder of title Policies and Practices /
Statement of responsibility, etc A. K. M. mahmudul Haque ;
Name of Supervisor/Co-Supervisor Supervision : S. M. Akram Ullah
260 ## - PUBLICATION, DISTRIBUTION, ETC. (IMPRINT)
Place of publication, distribution, etc Rajshahi :
Name of publisher, distributor, etc Institute of Bangladesh Studies, University of Rajshahi,
Date of publication, distribution, etc 2015
300 ## - PHYSICAL DESCRIPTION
Pagination xviii, 246 Leaves :
Other physical details ill, ;
Dimensions 29 cm.
502 ## - DISSERTATION NOTE
Dissertation note Thesis (Ph. D.) -- Institute of Bangladesh Studies, University of Rajshahi, 2015
504 ## - BIBLIOGRAPHY, ETC. NOTE
Bibliography, etc Bibliography : Leaves [214]-225
650 ## - SUBJECT ADDED ENTRY--TOPICAL TERM
Topical term or geographic name as entry element Environmental
Form subdivision Governance
Geographic subdivision Bangladesh
9 (RLIN) 3823
700 ## - ADDED ENTRY--SUPERVISOR/CO-SUPERVISOR NAME
Personal name Ullah, S. M. Akram, Supervision
9 (RLIN) 3824
942 ## - ADDED ENTRY ELEMENTS (KOHA)
Source of classification or shelving scheme Dewey Decimal Classification
Koha item type Theses
Holdings
Source of classification or shelving scheme Damaged status Not for loan Collection code Permanent Location Current Location Shelving location Date of accession Source of acquisition Total Checkouts Full call number Barcode Date last seen Copy number Thesis
Dewey Decimal Classification   Not For Loan Theses Central Library, University of Rajshahi Central Library, University of Rajshahi Documentation Section 26/07/2016 Controller of Exam. R.U   THE 363.75492 HAE 2015 D3941 22/06/2022 C-1 Theses